[Event "EU-ch U10 Girls 28th"]
[Site "Riga"]
[Date "2018.08.20"]
[Round "1"]
[White "Keerthana, Easwar"]
[Black "Jansone, Melanija Luize"]
[Result "0-1"]
[WhiteElo "1434"]
[BlackElo "1083"]
[PlyCount "52"]
[EventDate "2018.08.20"]
[EventType "swiss"]
[EventRounds "9"]
[EventCountry "LAT"]
[SourceTitle "CBM 186 Extra"]
[Source "ChessBase"]
[SourceDate "2018.08.24"]
[SourceVersion "1"]
[SourceVersionDate "2018.08.24"]
[SourceQuality "1"]

1. e4 d5 2. exd5 Qxd5 3. Nc3 Qd8 4. d4 Nf6 5. Nf3 Bf5 6. Bf4 e6 7. Qd2 Nc6 8. 0-0-0 Be7 9. d5 exd5 10. Nxd5 Nxd5 11. Qxd5 Qxd5 12. Rxd5 Be6 13. Rd2 0-0 14. a3 Rac8 15. Be2 h6 16. Rhd1 Bf6 17. Kb1 Na5 18. Ne5 Rfe8 19. Nd7 Bxd7 20. Rxd7 Rxe2 21. Bxc7 Nc6 22. Bg3 Ne5 23. Rxb7 Rcxc2 24. Rxa7 Rxb2+ 25. Ka1 Nc6 26. Ra8+ Kh7 0-1

[Event "Budapest FS04 Development"]
[Site "Budapest"]
[Date "2018.04.17"]
[Round "10"]
[White "Keerthana, Easwar"]
[Black "Csalami, Gabor"]
[Result "1-0"]
[WhiteElo "1374"]
[BlackElo "1887"]
[PlyCount "93"]
[EventDate "2018.04.07"]
[EventType "tourn"]
[EventRounds "10"]
[EventCountry "HUN"]
[SourceTitle "CBM 184 Extra"]
[Source "ChessBase"]
[SourceDate "2018.06.28"]
[SourceVersion "1"]
[SourceVersionDate "2018.06.28"]
[SourceQuality "1"]

1. e4 e5 2. Nf3 Nc6 3. Bc4 Bc5 4. d3 Nf6 5. c3 d6 6. b4 Bb6 7. a4 a6 8. h3 Be6 9. Nbd2 0-0 10. 0-0 h6 11. Bb3 Qd7 12. Kh2 Nh5 13. Nc4 Ba7 14. Be3 Nf4 15. Bxf4 exf4 16. Qd2 g5 17. Rab1 b5 18. axb5 axb5 19. Na5 Bxb3 20. Nxb3 Ne5 21. Nxe5 dxe5 22. Qe2 Rad8 23. Rbd1 Qe6 24. Na5 Rfe8 25. c4 bxc4 26. dxc4 Bd4 27. b5 Bb6 28. Nc6 Rxd1 29. Rxd1 Kh7 30. Rd5 Bd4 31. Nxd4 exd4 32. Rxd4 Qe5 33. Qd3 Rg8 34. Rd7 Rg7 35. Rd5 Qe6 36. e5+ Rg6 37. Rd7 g4 38. hxg4 Qxg4 39. Qh3 Qe2 40. Rxf7+ Kg8 41. Rd7 Qxe5 42. Rd8+ Kh7 43. Qd7+ Rg7 44. Qd3+ Rg6 45. Rd7+ Kh8 46. Qxg6 f3+ 47. g3 1-0

[Event "Budapest FS04 Development"]
[Site "Budapest"]
[Date "2018.04.14"]
[Round "7"]
[White "Zoltan, Andras"]
[Black "Keerthana, Easwar"]
[Result "1/2-1/2"]
[WhiteElo "1893"]
[BlackElo "1374"]
[PlyCount "60"]
[EventDate "2018.04.07"]
[EventType "tourn"]
[EventRounds "10"]
[EventCountry "HUN"]
[SourceTitle "CBM 184 Extra"]
[Source "ChessBase"]
[SourceDate "2018.06.28"]
[SourceVersion "1"]
[SourceVersionDate "2018.06.28"]
[SourceQuality "1"]

1. e4 e5 2. Bc4 Nc6 3. Nc3 Nf6 4. Nf3 Bc5 5. 0-0 d6 6. h3 0-0 7. d3 h6 8. a3 Ne7 9. Na4 Bb6 10. Nxb6 axb6 11. d4 exd4 12. Qxd4 Ng6 13. Be3 Re8 14. Bd3 Bd7 15. Nd2 Bc6 16. f3 Ra4 17. c4 Ne5 18. Bc2 Ra8 19. Rad1 Nh5 20. Rf2 Qh4 21. Nb1 Ng3 22. Nd2 Ng6 23. Nb3 Ba4 24. Nc1 Ne5 25. Qc3 Bxc2 26. Rxc2 Re6 27. Bf2 Qf4 28. Bxg3 Qxg3 29. Ne2 Qh4 30. Nd4 Ree8 1/2-1/2

[Event "Trebic Highlands op 11th"]
[Site "Trebic"]
[Date "2017.09.27"]
[Round "5"]
[White "Svizensky, Lubos"]
[Black "Keerthana, Easwar"]
[Result "1-0"]
[WhiteElo "1976"]
[BlackElo "1159"]
[PlyCount "61"]
[EventDate "2017.09.23"]
[EventType "swiss"]
[EventRounds "9"]
[EventCountry "CZE"]
[SourceTitle "EXT 2018"]
[Source "ChessBase"]
[SourceDate "2017.10.13"]
[SourceVersion "1"]
[SourceVersionDate "2017.10.13"]
[SourceQuality "1"]

1. d4 Nf6 2. Nf3 e6 3. a3 b6 4. g3 Bb7 5. Bg2 Be7 6. 0-0 d6 7. c4 0-0 8. Nc3 Nbd7 9. Qc2 c5 10. Rd1 Rc8 11. d5 exd5 12. Nh4 Ba6 13. Nxd5 Nxd5 14. Rxd5 Bxh4 15. Rh5 Nf6 16. Rxh4 h6 17. b3 Qc7 18. Bb2 Nh7 19. Rg4 f6 20. Qg6 Kh8 21. Be4 Ng5 22. Rxg5 Kg8 23. Qh7+ Kf7 24. Rxg7+ Ke8 25. Rxc7 Rxc7 26. Qxc7 Rf7 27. Bg6 h5 28. Bxf7+ Kf8 29. Be6 Ke8 30. Qf7+ Kd8 31. Qd7# 1-0

[Event "Trebic Highlands op 11th"]
[Site "Trebic"]
[Date "2017.09.26"]
[Round "4"]
[White "Keerthana, Easwar"]
[Black "Norlander, Svante"]
[Result "1-0"]
[WhiteElo "1159"]
[BlackElo "1583"]
[PlyCount "131"]
[EventDate "2017.09.23"]
[EventType "swiss"]
[EventRounds "9"]
[EventCountry "CZE"]
[SourceTitle "EXT 2018"]
[Source "ChessBase"]
[SourceDate "2017.10.13"]
[SourceVersion "1"]
[SourceVersionDate "2017.10.13"]
[SourceQuality "1"]

1. e4 d5 2. exd5 Nf6 3. Nf3 Nxd5 4. Bc4 e6 5. 0-0 Be7 6. Nc3 0-0 7. Bxd5 exd5 8. d3 d4 9. Ne2 Bg4 10. Nexd4 c5 11. Nb3 Bf6 12. h3 Bxf3 13. Qxf3 Qb6 14. Be3 Nd7 15. Rfe1 Rac8 16. c3 a5 17. d4 c4 18. d5 Qa6 19. Nd4 Ne5 20. Qg3 Nd3 21. Re2 Be5 22. Qg4 b5 23. Nf5 Kh8 24. Bd4 Qf6 25. f4 Bxd4+ 26. cxd4 g6 27. Ne3 Qxd4 28. Rf1 Rce8 29. Qf3 Re4 30. Kh1 Rxf4 31. Qg3 Rxf1+ 32. Nxf1 Qxd5 33. Qh4 Kg7 34. Ne3 Qc6 35. Rc2 Re8 36. Qd4+ Kg8 37. Ng4 Re1+ 38. Kh2 Qc7+ 39. g3 Ne5 40. Nxe5 Qxe5 41. Qxe5 Rxe5 42. Rd2 Kg7 43. g4 g5 44. Kg3 h6 45. a3 a4 46. Kf3 Kf8 47. Rd8+ Ke7 48. Rh8 Re6 49. Rb8 Re5 50. Rh8 Rd5 51. Rxh6 Rd3+ 52. Ke4 Rd2 53. Kf5 Rxb2 54. Kxg5 c3 55. Rc6 c2 56. h4 Kd7 57. Rc3 b4 58. axb4 a3 59. Rd3+ Ke8 60. Re3+ Kf8 61. Rc3 Kg7 62. h5 f6+ 63. Kf5 a2 64. Rc7+ Kh6 65. g5+ Kxh5 66. Rh7# 1-0

[Event "EU School-ch U09 Girls"]
[Site "Budva"]
[Date "2017.06.13"]
[Round "3"]
[White "Zavivaeva, Evelina"]
[Black "Keerthana, Easwar"]
[Result "1-0"]
[WhiteElo "1338"]
[BlackElo "1174"]
[PlyCount "83"]
[EventDate "2017.06.11"]
[EventType "swiss"]
[EventRounds "9"]
[EventCountry "MNE"]
[SourceTitle "EXT 2024"]
[Source "ChessBase"]
[SourceDate "2023.10.10"]
[SourceVersion "1"]
[SourceVersionDate "2023.10.10"]
[SourceQuality "1"]

1. d4 Nf6 2. c4 e6 3. Nc3 Bb4 4. Bd2 0-0 5. Nf3 b6 6. e3 Bb7 7. Bd3 Bxc3 8. bxc3 d6 9. 0-0 Nbd7 10. Re1 e5 11. e4 exd4 12. cxd4 Re8 13. Qc2 Qe7 14. e5 dxe5 15. dxe5 Ng4 16. Bxh7+ Kh8 17. Be4 Bxe4 18. Qxe4 Ngf6 19. Qh4+ Nh7 20. Ng5 Ndf8 21. Qh3 Kg8 22. Nxh7 Nxh7 23. Qg4 Rad8 24. Rad1 Qc5 25. e6 Nf6 26. exf7+ Kxf7 27. Qf4 Qc6 28. Bc3 Kg8 29. Bxf6 Qxf6 30. Rxe8+ Rxe8 31. Qxc7 Qe6 32. h3 Qe2 33. Qd7 Re7 34. Qd8+ Re8 35. Qd5+ Re6 36. Rd2 Qe1+ 37. Kh2 Kh7 38. Qf5+ g6 39. Rd7+ Kh6 40. Qf8+ Kh5 41. Rh7+ Kg5 42. h4+ 1-0

[Event "EU School-ch U09 Girls"]
[Site "Budva"]
[Date "2017.06.12"]
[Round "2"]
[White "Keerthana, Easwar"]
[Black "Erturk, Nehir"]
[Result "1-0"]
[WhiteElo "1174"]
[BlackElo "1221"]
[PlyCount "101"]
[EventDate "2017.06.11"]
[EventType "swiss"]
[EventRounds "9"]
[EventCountry "MNE"]
[SourceTitle "EXT 2024"]
[Source "ChessBase"]
[SourceDate "2023.10.10"]
[SourceVersion "1"]
[SourceVersionDate "2023.10.10"]
[SourceQuality "1"]

1. e4 e5 2. Nf3 Nc6 3. Bc4 Nf6 4. d3 Be7 5. c3 0-0 6. 0-0 d6 7. b4 h6 8. a4 Bd7 9. Nbd2 Qc8 10. Re1 Be6 11. Qb3 Rd8 12. Nf1 Qd7 13. Ng3 a6 14. Qa2 Rab8 15. Nh4 b5 16. axb5 axb5 17. Bxe6 Qxe6 18. Nhf5 d5 19. exd5 Nxd5 20. Bd2 Bf6 21. Qc2 Qd7 22. Qc1 Nf4 23. Bxf4 exf4 24. Qxf4 Bxc3 25. Ra7 Nxa7 26. Re7 Qxd3 27. h3 Qc4 28. Ne4 Rbc8 29. Qg3 Rd1+ 30. Kh2 Bb2 31. Nxh6+ Kf8 32. Rxf7+ Ke8 33. Nf6+ Bxf6 34. Qe3+ Kd8 35. Qf3 Re1 36. Qf5 Qe6 37. Rf8+ Ke7 38. Rf7+ Ke8 39. Qh7 Kd8 40. Qg8+ Qe8 41. Rf8 gxh6 42. Rxe8+ Rxe8 43. Qd5+ Ke7 44. Qc5+ Kf7 45. Qxa7 Re2 46. Qc5 Kg6 47. Qxb5 Re1 48. Qd3+ Kh5 49. Qf5+ Bg5 50. Qf7+ Kh4 51. g3# 1-0